| 000 | 00972cam a22002891i 4500 | ||
|---|---|---|---|
| 001 | 12845 | ||
| 003 | BD-RjUL | ||
| 005 | 20211208235350.0 | ||
| 008 | 900406s1927 xna 00010 eng d | ||
| 035 | _a(BD-RjUL)12895 | ||
| 035 | _a(BD-RjUL) | ||
| 035 | _a1117629 | ||
| 040 |
_aBD-RjUL _beng _cBD-RjUL _dBD-RjUL |
||
| 041 | _aeng | ||
| 082 |
_a613.12 _bSEH 1953 |
||
| 100 | 1 |
_a Selmon , A C . _940032 |
|
| 245 | 1 | 0 |
_aHealth and longevity : _b a treatise in popular language on the cause, prevention, and treatment of the commonest diseases / |
| 260 |
_aPoona : _bOriental Watchman, _c1953. |
||
| 300 |
_ax ,294 p. _bills ; _c20 cm. |
||
| 510 | 4 |
_aHoyle, J. Annotated bibliography of Australian domestic cookery books, 1860s to 1950, _c686 |
|
| 610 | 2 | 0 |
_aChild Study Association. _940037 |
| 650 | 0 |
_aInfants _xNutrition. _940034 |
|
| 650 | 0 |
_aChildren _xDevelopment. _940035 |
|
| 650 | 0 |
_aChild development. _95451 |
|
| 700 | 1 |
_aIzett, D. _940036 |
|
| 942 |
_2ddc _cBK |
||
| 999 |
_c12845 _d12845 |
||